LEADER 02923 am 22006733u 450 001 9910251394903321 005 20230621141103.0 010 $a3-96110-027-6 024 8 $a10.5281/zenodo.1117686 035 $a(OCoLC)on1030818085 035 $a(CKB)4100000001587819 035 $a(PPN)243729146 035 $a(ScCtBLL)ef7f9a68-9392-43d4-8fc8-9fa33fb82488 035 $a(oapen)https://directory.doabooks.org/handle/20.500.12854/32172 035 $a(EXLCZ)994100000001587819 100 $a20180122h20182018 fy 0 101 0 $aeng 135 $aurm|#---||||| 181 $ctxt$2rdacontent 182 $cc$2rdamedia 183 $acr$2rdacarrier 200 10$aOrder and structure in syntax I $eword order and syntactic structure /$fedited by Laura R. Bailey, Michelle Sheehan 210 $cLanguage Science Press$d2017 210 1$aBerlin, Germany :$cLanguage Science Press,$d2018. 210 4$dİ2018 215 $a1 online resource (x, 395 pages) $cPDF, digital file(s) 225 0 $aOpen generative syntax ;$v1 311 08$aPrint version: 9783961100279 320 $aIncludes bibliographical references and indexes. 330 $aThis book reconsiders the role of order and structure in syntax, focusing on fundamental issues such as word order and grammatical functions. The first group of papers in the collection asks what word order can tell us about syntactic structure, using evidence from V2, object shift, word order gaps and different kinds of movement. The second group of papers all address the issue of subjecthood in some way, and examine how certain subject properties vary across languages: expression of subjects, expletive subjects, quirky and locative subjects. All of the papers address in some way the tension between modelling what can vary across languages whilst improving our understanding of what might be universal to human language. 606 $aGrammar, Comparative and general$xSyntax 606 $aGrammar, Comparative and general$xWord order 610 $auniversals in language 610 $aorder in syntax 610 $agrammatical functions 610 $aobject shift 610 $astructure in syntax 610 $aword order 610 $asubjecthood 610 $amovement 610 $av2 610 $aHead-directionality parameter 610 $aMorphology (linguistics) 610 $aPeriphrasis 610 $aPreposition and postposition 610 $aPronoun 610 $aSwedish language 610 $aVerb 615 0$aGrammar, Comparative and general$xSyntax. 615 0$aGrammar, Comparative and general$xWord order. 700 $aSheehan$b Michelle$4edt$01356290 702 $aSheehan$b Michelle 702 $aBailey$b Laura R. 801 0$bES-MaCSI 801 2$bUkMaJRU 906 $aBOOK 912 $a9910251394903321 996 $aOrder and structure in syntax I$93388461 997 $aUNINA LEADER 03286nam 2200445 450 001 9910795379103321 005 20230104230026.0 010 $a1-64648-052-X 035 $a(CKB)4940000000618258 035 $a(MiAaPQ)EBC6794557 035 $a(Au-PeEL)EBL6794557 035 $a(OCoLC)on1266201799 035 $a(EXLCZ)994940000000618258 100 $a20220925d2022 uy 0 101 0 $aeng 135 $aurcnu|||||||| 181 $ctxt$2rdacontent 182 $cc$2rdamedia 183 $acr$2rdacarrier 200 10$aAgainst medical advice $eaddressing treatment refusal /$fLuanne Linnard-Palmer, Ellen Christiansen 205 $a2nd ed. 210 1$aIndianapolis, Indiana :$cSigma Theta Tau International,$d[2022] 210 4$dİ2022 215 $a1 online resource (278 pages) 311 $a1-64648-050-3 320 $aIncludes bibliographical references and index. 327 $aChapter 1: When Medical Treatment and Patient Needs Clash -- Chapter 2: Overview and Reasons for Treatment Refusals -- Chapter 3: Childhood Vaccines, Hesitancy, and Refusals -- Chapter 4: Pediatric Healthcare, Ethics, and Children's Rights -- Chapter 5: Legal Implications and Consent: Informed Consent, Assent, and Parental Permission -- Chapter 6: Legal Perspectives of Treatment Refusal: Refusal Defined -- Chapter 7: In the Name of Religion: Historical Influences to Legal Exemptions -- Chapter 8: Adult Medical Treatment Refusals, Limitations, and Delays -- Chapter 9: Overview of Religious Doctrines -- Chapter 10: The Importance of Cultural Competence -- Chapter 11: Professional Groups' Reactions to Treatment Refusal: Nursing, Medicine, Researchers, and Journalists -- Chapter 12: Overview of Professional Interventions: Power Distance, Negotiation, and Safety -- Appendix A: Reasons for Parental Decisions to Refuse Medical Treatment -- Appendix B: Guidelines for Staff Facing Parental Refusal of Pediatric Vaccines or Medical Treatments -- Appendix C: Guidelines for Staff Facing Adult Refusal of Medical Treatments -- Appendix D: Loss of Parental Guardianship: Court Overriding of a Parent's Right to Refuse Medical Treatment -- Appendix E: Common Concerns About Vaccine Administration -- Appendix F: Pandemics and Trust in Rapid Vaccine Creation, Distribution, and Mandates -- Appendix G: Best Interest and the Law: Should State Statutes on Child Abuse Be Modified? -- Appendix H: Spiritual Abuse Defined -- Appendix I: Resources for More Information. 330 $aThis book provides the historical background, legal implications and ethical concerns when individuals or families either limit, refuse or delay traditional Western medical care based on their religious, cultural or philosophical beliefs. Findings from recent ethnographic research, clinical guidelines and latest technology are shared to provide examples of current refusal scenarios and to demonstrate the impact on those involved. 606 $aPatient compliance 615 0$aPatient compliance. 676 $a615.5 700 $aLinnard-Palmer$b Luanne$01248681 702 $aChristiansen$b Ellen$f1951- 801 0$bMiAaPQ 801 1$bMiAaPQ 801 2$bMiAaPQ 906 $aBOOK 912 $a9910795379103321 996 $aAgainst medical advice$93867088 997 $aUNINA